000 00358nam a2200121Ia 4500
008 220204s9999 xx 000 0 und d
082 _a573.6:63
_bPER
100 _aPersley, Gabriele J
245 0 _aBeyond Mendell's garden: Biotechnology in the service of world agriculture
260 _aUK
_bCAB International
_c1990
650 _aBiotechnology
942 _cBK
999 _c40398
_d40398